000
00314nam a22001337a 4500
008
171102b xxu||||| |||| 00| 0 eng d
020
_a
9780071396561
041
_a
eng
080
_a
339.138
100
_a
60
101
_a
MAR
245
_a
VALUE MARKETING FOR BOTTOM LINE SUCCESS
_c
BONIS.J.N
942
_2
udc
_c
BK
999
_c
37311
_d
37311